مستوى التحصيل في العلوم لدى طلبة المرحلة الأساسية في الأردن / (رقم التسجيلة. 15363)

تفاصيل مارك
000 -LEADER
fixed length control field 00918nam a22002417a 4500
005 - DATE AND TIME OF LATEST TRANSACTION
control field 20251108164828.0
008 - FIXED-LENGTH DATA ELEMENTS--GENERAL INFORMATION
fixed length control field 250721s1994 xx 000 0 ara d
082 14 - DEWEY DECIMAL CLASSIFICATION NUMBER
Classification number 371.27/موس
100 1# - MAIN ENTRY--PERSONAL NAME
Personal name نبهان، موسى
245 10 - TITLE STATEMENT
Title مستوى التحصيل في العلوم لدى طلبة المرحلة الأساسية في الأردن /
264 1# - PRODUCTION, PUBLICATION, DISTRIBUTION, MANUFACTURE, AND COPYRIGHT NOTICE
Place of production, publication, distribution, manufacture عمان :
Name of producer, publisher, distributor, manufacturer المركز الوطني للبحث والتطوير التربوي،
Date of production, publication, distribution, manufacture, or copyright notice 1994.
300 ## - PHYSICAL DESCRIPTION
Extent 149ص
490 0# - SERIES STATEMENT
Series statement مشروع مراقبة و تقييم الأداء المدرسي ؛ التقارير 3- 5
650 17 - SUBJECT ADDED ENTRY--TOPICAL TERM
Topical term or geographic name as entry element الإختبارات و القياسات التربوية
650 17 - SUBJECT ADDED ENTRY--TOPICAL TERM
Topical term or geographic name as entry element التقييم التربوي
650 17 - SUBJECT ADDED ENTRY--TOPICAL TERM
Topical term or geographic name as entry element العلوم
650 17 - SUBJECT ADDED ENTRY--TOPICAL TERM
Topical term or geographic name as entry element الدراسات
650 17 - SUBJECT ADDED ENTRY--TOPICAL TERM
Topical term or geographic name as entry element التدريس
650 17 - SUBJECT ADDED ENTRY--TOPICAL TERM
Topical term or geographic name as entry element التعليم الإبتدائي
700 1# - ADDED ENTRY--PERSONAL NAME
Personal name الوهر، محمود
942 ## - ADDED ENTRY ELEMENTS (KOHA)
Source of classification or shelving scheme Dewey Decimal Classification
Koha item type كتب
المقتنيات
حالة السحب حالة الفقدان مصدر التصنيف حالة التلف غير قابل للإعارة المكتبة الرئيسية المكتبة الحالية موقع الرف تاريخ التزويد الرقم المتسلسل Total Checkouts رقم الإستدعاء الباركود تاريخ آخر ظهور تاريخ الفاتورة نوع المادة (كوها)
    Dewey Decimal Classification     المكتبة المركزية المكتبة المركزية الإعارة 20/11/2016 {1808}   371.27/موس PLD00399788 28/07/2025 20/11/2016 كتب
Implemented & Customized by: BBB with SCIT (Smart Chains for Information Technology)

Powered by Koha